Normal view
MARC view
Entry Personal Name
001 - CONTROL NUMBER
- control field: 13427
003 - CONTROL NUMBER IDENTIFIER
- control field: BD-RjUL
005 - DATE AND TIME OF LATEST TRANSACTION
- control field: 20240704111805.0
008 - FIXED-LENGTH DATA ELEMENTS
- fixed length control field: 240704|| aca||aabn | a|a d
040 ## - CATALOGING SOURCE
- Original cataloging agency: BD-RjUL
- Transcribing agency: BD-RjUL
100 ## - HEADING--PERSONAL NAME
- Personal name: Chishtī., Yūsuf Salīm ,, چشتى، ىوسف سلىم
- Dates associated with a name: 1896-1984
670 ## - SOURCE DATA FOUND
- Source citation: Work cat.: (BD-RjUL)83955: Chishtī., Yūsuf Salīm ,, چشتى، ىوسف سلىم 1896-1984, شرح رموز بیخودى / Sharḥ-i Rumūz-i bek̲h̲vudī /, 1953.